000 00786nam a2200253 a 4500
001 BRCA_8236
005 20190320210204.0
008 230514s1957----fr-a###f##---#001-0#fre-#
041 _afre
044 _afr
050 4 _aN5220
_b.L46 1957
245 1 0 _aExposition de la Collection Lehman de New York
_ccouverture Stefano di Giovanni Sassetta.
250 _a2
260 _aParis
_bMusées Nationaux
_c1957
300 _a175 p.
_bil., 104 láminas
_c20 cm.
440 0 _aMusée de L´Orangerie
_920537
500 _aT28f
600 1 4 _aLehman, Robert Owen
_d1891-1969
_vColeccionista
_920538
650 1 4 _aObras de arte
_vExposiciones
_920539
650 1 4 _aGalerías y museos
_zNueva York
_920540
700 1 _aSassetta, Stefano di Giovanni
_920541
902 _aGFM
942 _2lcc
_cB
999 _c7904
_d7904